000 00786nam a2200217Ia 4500
005 20240530102318.0
008 140319s9999 xx 000 0 ara d
040 _aGCL /
_cGCL
082 0 4 _a811.5 /
_bا د
100 1 _aابى فراس الحمدانى، الحارث بن سعيد بن حمدان
245 1 0 _aديوان ابى فراس /
_cابى فراس الحمدانى، الحارث بن سعيد بن حمدان
260 _aبيروت :
_bدار صادر ،
_c1992
300 _a334 ص؛
_b24 سم
650 0 4 _aالشعر العربى
650 0 4 _aالادب العربى
650 0 4 _aدواوين وقصائد
650 0 4 _aابى فراس الحمدانى
650 0 4 _aتاريخ ونقد
942 _2ddc
_cBK
999 _c31352
_d31352